00411nam a2200169Ia 4500003000400000005001700004008004100021020001500062040000700077041000800084082001700092100002300109245004000132260004000172300001600212365001300228OSt20230417110553.0210423s2007 xx 000 0 und d a8130904594 cAL aeng a809.935 BLOH aBLOOM (Harold),Ed. aCharles Dickens great expectations. aNew DelhibViva Books Pvt Ltdc2007 avii,310bPB b175cINR